[Event "Wch Seniors 65 31st"]
[Site "Terassini"]
[Date "2023.10.29"]
[Round "5"]
[White "Roos, Louis"]
[Black "Koehler, Gerhard"]
[Result "1-0"]
[WhiteElo "2257"]
[BlackElo "2183"]
[PlyCount "61"]
[EventDate "2023.10.25"]
[EventType "swiss"]
[EventRounds "11"]
[EventCountry "ITA"]
[SourceTitle "Mega2024 Update 01"]
[Source "Chessbase"]
[SourceDate "2023.11.12"]
[SourceVersion "1"]
[SourceVersionDate "2023.11.12"]
[SourceQuality "1"]

1. d4 Nf6 2. Nf3 d6 3. g3 g6 4. Bg2 Bg7 5. 0-0 0-0 6. Re1 Nbd7 7. e4 e5 8. c3 Re8 9. Nbd2 Bf8 10. Qc2 c6 11. a4 a5 12. b3 Qc7 13. Ba3 d5 14. Bxf8 Kxf8 15. exd5 cxd5 16. dxe5 Nxe5 17. Nxe5 Rxe5 18. Rxe5 Qxe5 19. Nf3 Qh5 20. Qd3 Bg4 21. Qd4 Bxf3 22. Qxf6 Bxg2 23. Qh8+ Ke7 24. Qxa8 Be4 25. Qxb7+ Kf8 26. Qb8+ Kg7 27. Qf4 g5 28. g4 Qh6 29. Qe5+ Kf8 30. Re1 Qb6 31. Qd4 1-0

[Event "EU-chT Seniors 65"]
[Site "Swidnica"]
[Date "2023.07.16"]
[Round "5.4"]
[White "Roos, Louis"]
[Black "Bugajski, Robert"]
[Result "1-0"]
[WhiteElo "2255"]
[BlackElo "1947"]
[PlyCount "155"]
[EventDate "2023.07.12"]
[EventType "team-swiss"]
[EventRounds "9"]
[EventCountry "POL"]
[SourceTitle "CBM 215 Extra"]
[Source "ChessBase"]
[SourceDate "2023.09.30"]
[SourceVersion "1"]
[SourceVersionDate "2023.09.30"]
[SourceQuality "1"]
[WhiteTeam "Strasbourg 65"]
[BlackTeam "Warsaw 65"]
[WhiteTeamCountry "FRA"]
[BlackTeamCountry "POL"]

1. Nf3 Nf6 2. c4 c6 3. b3 d5 4. Bb2 Bf5 5. e3 e6 6. Be2 Nbd7 7. Nc3 h6 8. d3 Bb4 9. a3 Be7 10. 0-0 0-0 11. b4 Bh7 12. Qb3 a5 13. cxd5 exd5 14. Na4 b5 15. Nc3 Nb6 16. Rfc1 Qd6 17. Nd4 Rfc8 18. Ra2 Nbd7 19. bxa5 Rxa5 20. Ncxb5 Qb8 21. Nc3 Qa8 22. a4 Rb8 23. Qd1 c5 24. Nb3 Ra7 25. Ba1 Rab7 26. Nd2 Rb4 27. a5 Qa6 28. d4 c4 29. Bf3 Qe6 30. a6 Ra8 31. a7 g5 32. h3 Bg6 33. Bb2 Rxa7 34. Rxa7 Rxb2 35. Nf1 h5 36. Ra5 Bb4 37. Raa1 g4 38. hxg4 hxg4 39. Be2 Rb3 40. Nxd5 Nxd5 41. Bxc4 Rb2 42. Ra2 Rxa2 43. Bxa2 N7f6 44. Qa4 Bf8 45. Rc6 Qe7 46. Bc4 Kg7 47. Qb3 Nb4 48. Rc5 Qb7 49. Rb5 Qe7 50. Ng3 Kh7 51. Rb6 Kg7 52. d5 Qc5 53. Rb5 Qe7 54. Qc3 Kg8 55. Qd4 Nc2 56. Qf4 Qd6 57. Qg5 Na3 58. Nf5 Qd8 59. d6 Nxc4 60. Rd5 Bxd6 61. Rd4 Be7 62. Rxd8+ Bxd8 63. Nh6+ Kg7 64. Nf5+ Kg8 65. Nh6+ Kg7 66. Nxg4 Nd6 67. Qe5 Nde8 68. Qd4 Be7 69. f3 Bf5 70. Ne5 Bg6 71. g4 Kf8 72. f4 Bd6 73. f5 Bh7 74. g5 Bxe5 75. Qxe5 Nd7 76. Qh8+ Bg8 77. f6 Nc5 78. Qh6+ 1-0

[Event "Alsace-Baden"]
[Site "Strasbourg"]
[Date "2017.09.10"]
[Round "3"]
[White "Ehmann, Thilo"]
[Black "Roos, Louis"]
[Result "0-1"]
[WhiteElo "2300"]
[BlackElo "2336"]
[PlyCount "28"]
[EventDate "2017.09.10"]
[EventType "team-match"]
[EventRounds "1"]
[EventCountry "FRA"]
[SourceTitle "CBM 180 Extra"]
[Source "ChessBase"]
[SourceDate "2017.10.06"]
[SourceVersion "1"]
[SourceVersionDate "2017.10.06"]
[SourceQuality "1"]
[WhiteTeam "Baden"]
[BlackTeam "Alsace"]
[WhiteTeamCountry "GER"]
[BlackTeamCountry "FRA"]

1. e4 e6 2. d4 d5 3. exd5 exd5 4. Nf3 Nf6 5. c4 Be7 6. h3 0-0 7. Be2 c5 8. 0-0 Nc6 9. Bg5 cxd4 10. Nxd4 Nxd4 11. Qxd4 dxc4 12. Qxd8 Rxd8 13. Bxc4 h6 14. Bf4 Rd4 0-1

[Event "FRA-chT Top 12"]
[Site "Chartres"]
[Date "2017.05.24"]
[Round "7.8"]
[White "Roos, Louis"]
[Black "Leconte, Maria"]
[Result "1-0"]
[WhiteElo "2346"]
[BlackElo "2174"]
[PlyCount "93"]
[EventDate "2017.05.18"]
[EventType "team-tourn"]
[EventRounds "11"]
[EventCountry "FRA"]
[SourceTitle "CBM 178 Extra"]
[Source "ChessBase"]
[SourceDate "2017.06.22"]
[SourceVersion "1"]
[SourceVersionDate "2017.06.22"]
[SourceQuality "1"]
[WhiteTeam "Strasbourg"]
[BlackTeam "Saint Quentin"]
[WhiteTeamCountry "FRA"]
[BlackTeamCountry "FRA"]

1. e4 e6 2. d4 d5 3. e5 c5 4. c3 Nc6 5. Nf3 Bd7 6. Be2 Nge7 7. Na3 Ng6 8. h4 Be7 9. g3 0-0 10. Bd3 cxd4 11. cxd4 Nb4 12. Bb1 Rc8 13. Bd2 Qb6 14. Bc3 f6 15. h5 Nh8 16. Kf1 f5 17. Qd2 Nf7 18. Kg2 a5 19. Ne1 Ng5 20. f3 Qc6 21. Nac2 Nxc2 22. Bxc2 b6 23. Bd3 Ne4 24. fxe4 dxe4 25. d5 exd5 26. Be2 h6 27. Rd1 Be6 28. Bd4 Qc7 29. Qc3 Qd7 30. Qb3 f4 31. gxf4 Bg4 32. Qg3 Be6 33. Rf1 Qd8 34. Bg4 Bf5 35. Bxf5 Rxf5 36. Qg6 Qf8 37. Be3 Bc5 38. Qe6+ Kh8 39. Bxc5 Rxc5 40. Rxd5 e3 41. Rxc5 bxc5 42. Qd6 Qa8+ 43. Kg3 e2 44. Rf3 Rxh5 45. Rb3 Rh3+ 46. Kxh3 Qh1+ 47. Kg4 1-0

[Event "FRA-chT Top 12"]
[Site "Chartres"]
[Date "2017.05.22"]
[Round "5.8"]
[White "Roos, Louis"]
[Black "Guichard, Pauline"]
[Result "1/2-1/2"]
[WhiteElo "2346"]
[BlackElo "2312"]
[PlyCount "124"]
[EventDate "2017.05.18"]
[EventType "team-tourn"]
[EventRounds "11"]
[EventCountry "FRA"]
[SourceTitle "CBM 178 Extra"]
[Source "ChessBase"]
[SourceDate "2017.06.22"]
[SourceVersion "1"]
[SourceVersionDate "2017.06.22"]
[SourceQuality "1"]
[WhiteTeam "Strasbourg"]
[BlackTeam "Clichy Echecs 92"]
[WhiteTeamCountry "FRA"]
[BlackTeamCountry "FRA"]

1. c4 Nf6 2. Nf3 e6 3. b3 b6 4. Bb2 Bb7 5. e3 Be7 6. Be2 0-0 7. 0-0 c5 8. a3 Nc6 9. d3 d5 10. Nbd2 dxc4 11. bxc4 Qc7 12. Qc2 Rfd8 13. Rfd1 Ng4 14. h3 Nge5 15. Ne1 Rd7 16. f4 Ng6 17. Nef3 Rad8 18. Ne4 Bf8 19. Qc3 Nce7 20. Ng3 Qc6 21. a4 Nf5 22. Nxf5 exf5 23. Qe1 Be7 24. Bf1 Bf6 25. Bxf6 Qxf6 26. Qf2 Re8 27. Re1 Rde7 28. a5 Qd6 29. axb6 axb6 30. Rab1 Bxf3 31. Qxf3 Nxf4 32. Rbd1 g6 33. Kf2 Ne6 34. Ra1 f4 35. Qd5 fxe3+ 36. Rxe3 Qf4+ 37. Rf3 Qh4+ 38. g3 Qh6 39. Ra8 Qd2+ 40. Kg1 Rxa8 41. Qxa8+ Kg7 42. Qb8 Nd4 43. Rf2 Qe3 44. Kg2 Re5 45. Qxb6 Rf5 46. Rxf5 Nxf5 47. Qb2+ Nd4 48. Qf2 Qxf2+ 49. Kxf2 Kf6 50. Bg2 Ke5 51. Bd5 f6 52. h4 Nf5 53. Be4 Nd6 54. Ke3 Nxe4 55. dxe4 h6 56. Kd3 g5 57. h5 f5 58. Ke3 g4 59. exf5 Kxf5 60. Kd3 Ke5 61. Ke3 Kf5 62. Kd3 Ke5 1/2-1/2

[Event "FRA-chT Top 12"]
[Site "Drancy"]
[Date "2016.06.04"]
[Round "8.7"]
[White "Guichard, Pauline"]
[Black "Roos, Louis"]
[Result "0-1"]
[WhiteElo "2386"]
[BlackElo "2359"]
[PlyCount "90"]
[EventDate "2016.05.28"]
[EventType "team-tourn"]
[EventRounds "11"]
[EventCountry "FRA"]
[SourceTitle "CBM 172 Extra"]
[Source "ChessBase"]
[SourceDate "2016.06.21"]
[SourceVersion "1"]
[SourceVersionDate "2016.06.21"]
[SourceQuality "1"]
[WhiteTeam "Bois Colombes"]
[BlackTeam "Strasbourg"]
[WhiteTeamCountry "FRA"]
[BlackTeamCountry "FRA"]

1. Nf3 c5 2. c4 Nc6 3. g3 g6 4. Bg2 Bg7 5. Nc3 a6 6. 0-0 Rb8 7. d3 d6 8. Be3 Nh6 9. Nh4 Bd7 10. h3 f5 11. Nf3 Nf7 12. Qd2 b5 13. Ng5 Nxg5 14. Bxg5 h6 15. Be3 b4 16. Nd5 e6 17. Nf4 Qf6 18. Rab1 Ne7 19. h4 a5 20. Rfd1 a4 21. Qe1 e5 22. Nd5 Nxd5 23. Bxd5 f4 24. Bd2 g5 25. f3 Ke7 26. h5 g4 27. d4 cxd4 28. gxf4 exf4 29. fxg4 Qg5 30. Qf2 Be5 31. Be1 Bxg4 32. Bg2 Rhg8 33. Kf1 Bxh5 34. Rd3 Bg6 35. Rbd1 Bxd3 36. Rxd3 b3 37. a3 Qxg2+ 38. Qxg2 Rxg2 39. Kxg2 Rc8 40. Kf3 Rxc4 41. Bf2 Ke6 42. Rd1 Kd5 43. e3 fxe3 44. Bxe3 Rc2 45. Bc1 h5 0-1

[Event "FRA-chT Top 12"]
[Site "Montpellier"]
[Date "2015.06.01"]
[Round "3.8"]
[White "Roos, Louis"]
[Black "Milliet, Sophie"]
[Result "1-0"]
[WhiteElo "2370"]
[BlackElo "2369"]
[PlyCount "135"]
[EventDate "2015.05.30"]
[EventType "team-tourn"]
[EventRounds "11"]
[EventCountry "FRA"]
[SourceTitle "CBM 166 Extra"]
[Source "ChessBase"]
[SourceDate "2015.06.18"]
[SourceVersion "1"]
[SourceVersionDate "2015.06.18"]
[SourceQuality "1"]
[WhiteTeam "Strasbourg"]
[BlackTeam "Evry Grand Roque"]
[WhiteTeamCountry "FRA"]
[BlackTeamCountry "FRA"]

1. Nf3 c5 2. e4 e6 3. d3 Nc6 4. g3 d5 5. Nbd2 g6 6. Bg2 Bg7 7. 0-0 Nge7 8. Re1 b6 9. c3 a5 10. exd5 exd5 11. Nf1 0-0 12. Bf4 Ra7 13. Rc1 d4 14. c4 a4 15. a3 h6 16. h4 Bf5 17. Rc2 Na5 18. N1h2 Nec6 19. Rce2 Re7 20. Rxe7 Nxe7 21. g4 Bd7 22. Be5 Bc6 23. Qe2 Nc8 24. Bxg7 Kxg7 25. g5 h5 26. Qe5+ Kg8 27. Qf4 Qd6 28. Ne5 Bxg2 29. Kxg2 Nc6 30. Nhf3 N8e7 31. Qe4 Nxe5 32. Qxe5 Qxe5 33. Nxe5 Nf5 34. Nd7 Nxh4+ 35. Kg3 Nf5+ 36. Kf4 Rd8 37. Nf6+ Kg7 38. Nxh5+ gxh5 39. Kxf5 Rh8 40. Rh1 Re8 41. Rxh5 Re2 42. f4 Rxb2 43. Rh6 Rb3 44. Ke4 Rxa3 45. Rxb6 Ra1 46. Ra6 Re1+ 47. Kf5 Re3 48. Rxa4 Rxd3 49. Ra7 Rg3 50. Rd7 Rg1 51. Ke5 Ra1 52. Kd5 Ra5 53. Kc6 Kg6 54. Kb6 Ra3 55. Kxc5 d3 56. Kb4 Ra8 57. Rxd3 Kf5 58. Rd4 Rb8+ 59. Ka5 Ra8+ 60. Kb5 Rb8+ 61. Kc6 Rb4 62. Kd5 Rb8 63. c5 Rd8+ 64. Kc4 Rc8 65. Kb5 Rb8+ 66. Ka6 Rc8 67. Kb6 Rb8+ 68. Kc7 1-0